• 首页
  • 本馆介绍
  • 公告通知
  • 最新文献
  • 馆藏检索
  • 电子资源
  • 读者导购
  • 参考咨询
  • 我的图书馆
  • 登录
  • 详细信息显示
  • 放入我的书架
  • 预约/预借图书
  • 作者相关作品
  • 分类相关作品
  • 丛书相关作品
  • 出版社相关作品

书目信息

  • 表格格式
  • 工作单格式
  • 卡片格式
题名:
七宝楼台的光华
    
 
作者: 何明燕 著
分册:  
出版信息: 上海   上海三联书店  2014
页数: 234页
开本: 24cm
丛书名:
单 册:
中图分类: J813
科图分类:
主题词: 戏剧--Xi Ju--舞台美术--研究
电子资源:
ISBN: 978-7-5426-4591-3
000 01021nam0 22002531 450
001 349805
005 20161010151800.15
010    @a978-7-5426-4591-3@dCNY42.00
100    @a20140724d2014 kemy0chiy50 ea
101 0  @achi
102    @aCN@b310000
105    @ay v 000yy
106    @ar
200 1  @a七宝楼台的光华@AQi Bao Lou Tai De Guang Hua@e赖声川舞台剧的多重美学特征@f何明燕著
210    @a上海@c上海三联书店@d2014
215    @a234页@d24cm
300    @a浙江省高校人文社会科学重点研究基地(艺术学理论)项目成果
330    @a本书主要研究了台湾戏剧导演赖声川的舞台剧创作。书中梳理了赖声川历年来戏剧活动的实绩,并以对照的视阈分析了赖声川舞台剧在剧场样式、时空结构、地理文化、传统资源、生命哲理等五个方面所表现出来的美学特征。
517 1  @a赖声川舞台剧的多重美学特征@ALai Sheng Chuan Wu Tai Ju De Duo Chong Mei Xue Te Zheng
606 0  @a戏剧@AXi Ju@x舞台美术@x研究
690    @aJ813@v5
701  0 @a何明燕@AHe Ming Yan@c(女,@f1981~)@4著
801  0 @aCN@bTANGWEI@20160802
905    @b0886850-4@dJ813@e89@f5
    
    七宝楼台的光华:赖声川舞台剧的多重美学特征/何明燕著.-上海:上海三联书店,2014
    234页;24cm
    浙江省高校人文社会科学重点研究基地(艺术学理论)项目成果
    
    ISBN 978-7-5426-4591-3:CNY42.00
    本书主要研究了台湾戏剧导演赖声川的舞台剧创作。书中梳理了赖声川历年来戏剧活动的实绩,并以对照的视阈分析了赖声川舞台剧在剧场样式、时空结构、地理文化、传统资源、生命哲理等五个方面所表现出来的美学特征。
●
相关链接 在E读中查询图书 在五车中查询图书 在当当中查询图书 在豆瓣中查询图书


正题名:七宝楼台的光华     索取号:J813/89         预约/预借

序号 登录号 条形码 馆藏地/架位号 状态 备注
1 0886850   208868509   第一样本阅览室/ [索取号:J813/89] 在馆    
2 0886851   208868518   第一借阅区/ [索取号:J813/89] 在馆    
3 0886852   208868527   第一借阅区/ [索取号:J813/89] 在馆    
4 0886853   208868536   第一借阅区/ [索取号:J813/89] 在馆    
5 0886854   208868545   第一借阅区/ [索取号:J813/89] 在馆    
唐山师范学院图书馆 欢迎您!
大连网信软件有限公司© 版权所有